00402 2200157 4500001002100000008004100021035002000062245004900082100001000131260002500141300002200166020002200188084001400210082000800224990001200232INLIS000000000002827 IND  a0010-0925000174 aTiga Matahari Di Bawah Langit JakartacAri K aAri K aJakartabZettuc2013 a192c(13 x 19 cm) a978-602-7999-68-8 a813 ARI t a813 a0755049